- Basuras y aprovechamiento de basuras
Entry Materia
001 - NÚMERO DE CONTROL DEL REGISTRO
- campo de control: 2946
003 - IDENTIFICADOR DE NUMERO DE CONTROL
- campo de control: UPN
005 - FECHA Y HORA DE LA ÚLTIMA TRANSACCIÓN
- campo de control: 20230222161055.0
008 - DATOS DE LONGITUD FIJA
- campo de control de longitud fija: 230222d||acnnnbabn a ana |d
035 ## - NÚMERO DE CONTROL DEL SISTEMA
- Número de control del sistema: UPN10000002946
040 ## - FUENTE DE LA CATALOGACIÓN
- Centro catalogador de origen: UPN
- Lengua de catalogación: spa
- Agencia de transcripción: UPN
046 ## - FECHAS CON CODIFICACIÓN ESPECIAL
- Fecha final para contenidos agregados: 2023
150 ## - ENCABEZAMIENTO - TEMÁTICO
- Término de materia o nombre geográfico como elemento inicial: Basuras y aprovechamiento de basuras
450 ## - VÉASE - MATERIA
- Encabezamiento temático: Basura y desperdicios
- Subdivisión temática general: Eliminación
450 ## - VÉASE - MATERIA
- Encabezamiento temático: Materiales desechados
450 ## - VÉASE - MATERIA
- Encabezamiento temático: Eliminación de basura
450 ## - VÉASE - MATERIA
- Encabezamiento temático: Desperdicio casero
450 ## - VÉASE - MATERIA
- Encabezamiento temático: Desperdicios caseros
450 ## - VÉASE - MATERIA
- Encabezamiento temático: Desecho
450 ## - VÉASE - MATERIA
- Encabezamiento temático: Administración de residuos sólidos
450 ## - VÉASE - MATERIA
- Encabezamiento temático: Administración de residuos
450 ## - VÉASE - MATERIA
- Encabezamiento temático: Refuse and refuse disposal
550 ## - VÉASE ADEMÁS - MATERIA
- Encabezamiento temático o nombre geográfico como elemento de entrada: Contaminación
670 ## - FUENTE EN LA QUE SE LOCALIZARON DATOS
- Cita de la fuente: DGB UNAM, 22 febrero 2023:
- Información localizada: (Basuras y aprovechamiento de basuras)
902 ## - CATALOGADOR
- Catalogador: MEEG/130197
- Catalogador: Víctor Ruiz/220223
